Score 0/8 Timer 02:00
0 Plays Today
Category % Correct
Largest Land AnimalAfrican Elephant
94.1%
Tallest Land AnimalGiraffe
91.6%
Largest AnimalBlue Whale
85.2%
Largest Living BirdOstrich
77.2%
Largest FishWhale Shark
61.6%
Largest ReptileSalt Water Crocodile
60.6%
Largest Land CarnivorePolar Bear
45%
Largest AmphibianChinese Giant Salamander
17.7%
Remove Ads.
Support Sporcle.
Get the best of Sporcle when you Go Orange. This ad-free experience offers more features, more stats, and more fun while also helping to support Sporcle. Thank you for becoming a member.

You're not logged in!

Compare scores with friends on all Sporcle quizzes.
OR
Log In

Show Comments

Extras

Top Quizzes Today


Score Distribution

Your Account Isn't Verified!

In order to create a playlist on Sporcle, you need to verify the email address you used during registration. Go to your Sporcle Settings to finish the process.

Report this User

Report this user for behavior that violates our Community Guidelines.

Details: